Problemy racjonalizacji gospodarki w sferze uslug spolecznych
Salvato in:
| Natura: | Libro |
|---|---|
| Lingua: | polacco inglese |
| Pubblicazione: |
Lódz
Wydawnictwo Uniwersytetu Lódzkiego
1992
|
| Edizione: | 1. wyd. |
| Serie: | Folia Oeconomica
125 |
| Soggetti: | |
| Tags: |
Nessun Tag, puoi essere il primo ad aggiungerne!!
|
MARC
| LEADER | 00000nam a2200000 4500 | ||
|---|---|---|---|
| 001 | c014161 | ||
| 005 | 20221221080354.3 | ||
| 041 | 0 | |a pol | |
| 041 | 0 | |a eng | |
| 044 | |a PL | ||
| 245 | 1 | 0 | |a Problemy racjonalizacji gospodarki w sferze uslug spolecznych |
| 250 | |a 1. wyd. | ||
| 264 | 1 | |a Lódz |b Wydawnictwo Uniwersytetu Lódzkiego |c 1992 | |
| 300 | |a 104 s. | ||
| 490 | 1 | |a Folia Oeconomica |v 125 | |
| 830 | 0 | |a Folia Oeconomica |v 125 | |
| 610 | 2 | 0 | |a služby |
| 610 | 2 | 0 | |a sféra terciárna |
| 610 | 2 | 0 | |a zdravotníctvo |
| 610 | 2 | 0 | |a efektívnosť |
| 610 | 2 | 0 | |a ceny |
| 610 | 2 | 0 | |a financovanie |
| 610 | 2 | 0 | |a kultúra |
| 610 | 2 | 0 | |a školstvo |
| 610 | 2 | 0 | |a samofinancovanie |
| 610 | 2 | 0 | |a dotácie |